Guess the Playboi Carti Song from the Lyrics - Statistics

General Stats
  • This quiz has been taken 1,040 times
  • The average score is 16 of 20
Answer Stats
Lyric Answer % Correct
"Take my shirt off and all the hoes stop breathing" Stop Breathing
98%
"Wake up, it's the first of the month, I brush my teeth and count up" Sky
96%
"In New York I Milly Rock, hide it in my sock" Magnolia
95%
"Woke up to ****** talking like me, talk" wokeuplikethis
90%
"When them vamps outside lil b*tch you better be ready" Vamp Anthem
88%
"No cap and gown I ain't go to class, I'd rather die before I come in last" Long Time
84%
"I'm robbin the bank, I'm robbin the bank, I ride in the tank" New Tank
84%
"Diamonds they wet on my arms, tats on my neck and my arms" Location
83%
"Uh, never too much, never too much" Rockstar Made
82%
"Woke up with my toolie what it do? Meet me in the alley with the troops" Shoota
82%
"I'm on 'em beans for the real, I'm on the lean for real" Lean 4 Real
81%
"Imma go f*ck that b*tch, imma go smash that b*tch" RIP
80%
"Ooh, hop in that mfer foreign, and that mfer be roaring" Foreign
79%
"Miley Cyrus, catching bodies, don't care if that p*ssy got some mileage" Mileage
78%
"I'm thinking about dying my hair red just to look like a pint of red" ILoveUIHateU
77%
"Damn, how the f*ck we got to where we started? This love don't feel how it felt when we started" Over
74%
"Uh ridin around town with the Draco bih, D-R-A-C-O" On that Time
69%
"Got Flacko yeah Rocky he pass me the beam, I shoot like Hakeem" New Choppa
62%
"Uh okay, shawty know what's up, shawty want a rockstar" Love Hurts
61%
"Come and get piped for the night ho, designer drugs and I need sum ice ho" Kelly K
36%
No matching quizzes found
Score Distribution
Percent of People with Each Score
Percentile by Number Answered
Your Score History
You have not taken this quiz